000 00653cam a2200217 4500
999 _c126554
_d126554
005 20200212120033.0
008 200211b ag ||||| |||| 00| 0 spa d
020 _a9507273697
050 0 4 _aK623
_bL53 2002
100 1 _aLlamas Pombo, Eugenio
_eautor
245 1 0 _aOrientaciones sobre el concepto y el método del derecho civil
_c/ Eugenio Llamas Pombo.
250 _a1a. ed.
260 _aBuenos Aires :
_bRubinzal-Culzoni editores
_c2002
300 _a231 p. ;
_c23 cm.
504 _aIncluye bibliografía : p. 217-228.
650 7 _2lemb
_aDerecho civil
_zArgentina
650 7 _2lemb
_aDerecho civil
_xMetodología
942 _2lcc
_cLIB